00724naa a2200229 a 450000100080000000500110000800800410001910000230006024500910008326000090017465300230018365300330020665300230023965300280026270000220029070000200031270000210033270000170035370000230037070000170039377300840041010473172006-07-26 2006 bl uuuu u00u1 u #d1 aCARNEIRO, P. L> S. aSelecao tradicional e associada a marcadores moleculares na avaliacao genetica animal. c2006 aMarcador molecular aMelhoramento genetico animal aSelecao fenotipica aSistema de acasalamento1 aMALHADO, C. H. M.1 aEUCLYDES, R. F.1 aTORRES, R. de A.1 aLOPES, P. S.1 aCARNEIRO, A. P. S.1 aCUNHA, E. E. tPesquisa Agropecuaria Brasileira, Brasiliagv. 41, n. 4, p. 615-621, abr. 2006.